000 01071cam a2200277 a 4500
005 20230804094339.0
008 080722s2010 njua b 001 0 eng
010 _a 2008032167
020 _a9780470097267 (cloth/cd)
035 _a(OCoLC)ocn236082726
040 _aDLC
_cDLC
_dBAKER
_dC#P
_dYDXCP
_dBWX
_dCDX
_dGZM
_dDLC
050 0 0 _aT57.62
_b.R67 2010
082 0 0 _a003.3
_222
_bROS-S
100 1 _aRossetti, Manuel D.
_q(Manuel David),
_d1962-
245 1 0 _aSimulation modeling and Arena /
_cManuel D. Rossetti.
260 _aHoboken, NJ :
_bJohn Wiley,
_cc2010.
300 _axix, 573 p. :
_bill. ;
_c26 cm. +
500 _aInclude Index.
504 _aIncludes bibliographical references (p. 543-547) and index.
650 0 _aSimulation methods.
650 0 _aDiscrete-time systems.
856 4 1 _3Table of contents only
_uhttp://www.loc.gov/catdir/toc/ecip0824/2008032167.html
906 _a7
_bcbc
_corignew
_d1
_eecip
_f20
_gy-gencatlg
999 _c33198
_d33198